000 00773nam a2200205Ii 4500
003 JO-AjNU
008 230605s9999||||xx |||||||||||||| ||und||
040 _aJO-AjNU
_bara
_erda
_cJO-AjNU
041 _aara
050 1 4 _aBP173.75 1993
100 3 _aعيسى، موسى آدم,
_eauthor
_956565
245 0 0 _aآثار التغيرات في قيمة النقود وكيفية معالجتها في الإقتصاد الإسلامي : الكتاب الأول
250 _aط1
264 3 1 _aجدة: مجموعة دلة البركة ادارة التطوير والبحوث، 1993
300 _a445ص
336 _atext
_btxt
_2rdacontent
337 _aunmediated
_bn
_2rdamedia
338 _avolume
_bnc
_2rdacarrier
650 4 _aالاقتصاد الاسلامي
_956566
999 _aA25295
_c28863
_d28863